000 00833cam a22002777a 4500
003 CHAP
005 20220329141410.0
008 971013s1980 r 00010 d
010 _a67534
011 _a68506
035 _a77978
040 _cCHAP
090 _aFolleto 11766
100 0 0 _aFonseca B., Eliseo.
_942135
245 1 3 _aEl cultivo de langostinos
260 _aXalapa, Ver. :
_bInstituto Nacional de Investigaciones sobre Recursos Bióticos,
_c1980
300 _a4 p.
490 0 _aINIREB Informa. Comunicado
_v; 37
590 _aBATCH-UPD
_b10
_c20130110
_lUCH01
_h0619
590 _aCONVERSION
_b10
_c20130109
_lUCH01
_h1337
650 1 4 _aLangostinos.
_964769
830 0 _aINIREB Informa. Comunicado
_v; 37
_958804
901 _aBK
942 _cFOLL
949 _aFolleto 11766
_bBC
_cFOLL
_d-30851
_eTS1
_i77978
_mD
_si
999 _c67534
_d67534